Formel 1 und Rallycross Quiz - Statistiken

Allgemein
  • Dieses Quiz wurde 163 mal gespielt
  • Das Durchschnittsergebnis liegt bei 9 aus 15
Antwortstatistiken
Frage Antwort % Korrekt
Wie viele WM Titel hat Michael Schumacher gewonnen 7
91%
Wer ist 2019 bei einem F2 Unfall in Belgien gestorben Anthoine Hubert
84%
Wo hatte Niki Lauda seinen Horrorunfall 1976 Nürburgring
78%
Wer war 2009 F1 Weltmeister Jenson Button
75%
Wodurch entschied sich der Titelkampf 2021 Safety Car
75%
Wer war 2009 Konstrukteursweltmeister Brawn GP
72%
Wer war der erste Formel 1 Weltmeister Giuseppe Farina
66%
Bei welchem Rennen entschied sich der Titelkampf zwischen Hamilton und Rosberg Abu Dhabi
63%
Wann hatte die Formel 1 ihre letzte große Regeländerung 2022
59%
Wer an dem Unfall in der ersten Kurve in Belgien 2018 NICHT beteiligt? Stoffel Vandoorne
50%
Welcher Formel 1 Fahrer verdient am meisten Geld Lewis Hamilton
47%
Seit wann fahren die Rallycross Boliden elektrisch 2022
41%
Wer ist der Rekord Weltmeister im Rallycross Johan Kristoffersson
34%
Seit wann existiert die Rallycross WM 2014
22%
Wo liegt der Estering Buxtehude
16%
Keine übereinstimmenden Quizze gefunden
Verteilung der Resultate
Anzahl Personen mit jedem Resultat
Perzentil nach korrekt beantworteten Fragen
Ihre Resultats-Entwicklung
Sie haben dieses Quiz noch nicht gespielt